Central Library OPAC University of Rajshahi

Lectures on tensor calculus and differential geometry / (Record no. 69996)

MARC details
000 -LEADER
fixed length control field 00786nam a2200253 a 4500
001 - CONTROL NUMBER
control field 69996
003 - CONTROL NUMBER IDENTIFIER
rucl marc code BD-RjUL
005 - DATE AND TIME OF LATEST TRANSACTION
control field 20211209081943.0
008 - FIXED-LENGTH DATA ELEMENTS--GENERAL INFORMATION
fixed length control field 170415s1962 ne b 001 0 eng d
035 ## - SYSTEM CONTROL NUMBER
System control number (BD-RjUL)70208
040 ## - CATALOGING SOURCE
Original cataloging agency DLC/ICU
Transcribing agency ICU
Modifying agency BD-RjUL
Language of cataloging eng
041 ## - LANGUAGE CODE
Language code of text/sound track or separate title eng
082 ## - DEWEY DECIMAL CLASSIFICATION NUMBER
Edition number 23
Classification number 515.63
Author mark and year GEL 1962
100 1# - MAIN ENTRY--PERSONAL NAME
Personal name Gerretsen, Johan C. H.
Dates associated with a name 1907-
9 (RLIN) 207326
245 10 - TITLE STATEMENT
Title Lectures on tensor calculus and differential geometry /
Statement of responsibility, etc. Johan C. H. Gerretsen
260 ## - PUBLICATION, DISTRIBUTION, ETC. (IMPRINT)
Place of publication, distribution, etc. Groningen :
Name of publisher, distributor, etc. P. Noordhoff,
Date of publication, distribution, etc. c1962.
300 ## - PHYSICAL DESCRIPTION
Pagination xii, 202 p. ;
Size 25 cm.
504 ## - BIBLIOGRAPHY, ETC. NOTE
Bibliography, etc Includes bibliographies and indexes.
650 #0 - SUBJECT ADDED ENTRY--TOPICAL TERM
Topical term or geographic name as entry element Calculus of tensors.
9 (RLIN) 121106
Topical term or geographic name as entry element Generalized spaces.
9 (RLIN) 155321
Topical term or geographic name as entry element Geometry, Differential.
9 (RLIN) 207327
942 ## - ADDED ENTRY ELEMENTS (KOHA)
Source of classification or shelving scheme Dewey Decimal Classification
Koha item type Books
Holdings
Lost status Source of classification or shelving scheme Damaged status Not for loan Collection code Permanent Location Current Location Shelving location Date acquired Source of acquisition Cost, normal purchase price Total Checkouts Full call number Date last seen Copy number Koha item type
  Dewey Decimal Classification   Not For Loan Non-fiction Central Library, University of Rajshahi Central Library, University of Rajshahi Reading Room 16/11/1965 Zeitlinger 55.00   515.63 GEL 1962 15/04/2017 C-1 Books